Normal view
MARC view
Entry Nombre personal
001 - NÚMERO DE CONTROL
- campo de control: 220
003 - IDENTIFICADOR DE NÚMERO DE CONTROL
- campo de control: DLC
005 - FECHA Y HORA DE LA ÚLTIMA TRANSACCIÓN
- campo de control: 20260123082934.0
008 - ELEMENTOS DE DATO DE LONGITUD-FIJA
- campo de control de longitud fija: 870721n| acannaab| |a aaa |||
010 ## - NÚMERO DE CONTROL DE LA BIBLIOTECA DEL CONGRESO
- Número de control de LC: n 87932711
040 ## - FUENTE DE CATALOGACIÓN
- Centro catalogador/agencia de origen: DLC
- Centro/agencia transcriptor: DLC
- Centro/agencia modificador: DLC
100 10 - ENCABEZAMIENTO-NOMBRE DE PERSONA
- Nombre de persona: Lienhardt, R. G.
- Forma completa/desarrollada del nombre: (R. Godfrey)
400 10 - TRAZADO DE VÉASE--NOMBRE DE PERSONA
- Subcampo de control: nna
- Nombre de persona: Lienhardt, Godfrey
670 ## - FUENTE DE DATOS ENCONTRADOS
- Cita de la fuente: His Divinity and experience, 1987:
- Información encontrada: CIP t.p. (Godfrey Lienhardt)
670 ## - FUENTE DE DATOS ENCONTRADOS
- Cita de la fuente: LC data base, 7/15/87
- Información encontrada: (hdg.: Lienhardt, Godfrey; usage: R.G. Lienhardt)